|
|
|
|
| LEADER |
01465nam a2200397 a 4500 |
| 001 |
000603153 |
| 003 |
CZ BrMZK |
| 005 |
20091207111636.0 |
| 008 |
020529s2002 xr e f cze d |
| 015 |
|
|
|a cnb001122774
|
| 020 |
|
|
|a 80-237-3686-8
|
| 035 |
|
|
|a (OCoLC)53269653
|
| 040 |
|
|
|a BOA001
|b cze
|
| 041 |
1 |
|
|a cze
|h eng
|
| 072 |
|
7 |
|a 577
|x Biochemie. Molekulární biologie. Biofyzika
|2 Konspekt
|9 2
|
| 080 |
|
|
|a 577.337
|2 MRF
|
| 080 |
|
|
|a 615.8
|2 MRF
|
| 080 |
|
|
|a (035)
|2 MRF
|
| 100 |
1 |
|
|a Batie, Howard F.
|q (Howard Franklin),
|d 1939-
|7 xx0002589
|4 aut
|
| 245 |
1 |
0 |
|a Léčíme energií :
|b přehled nejúčinnějších metod pro začátečníky /
|c Howard F. Batie ; [z anglického originálu] přeložila Alice Brabcová
|
| 250 |
|
|
|a Vyd. 1.
|
| 260 |
|
|
|a Praha :
|b Ivo Železný,
|c 2002
|
| 300 |
|
|
|a 208 s. :
|b il. ;
|c 21 cm
|
| 490 |
1 |
|
|a Knížky dostupné každému ;
|v sv. 238
|
| 490 |
1 |
|
|a Vědma ;
|v sv. 43
|
| 504 |
|
|
|a Obsahuje bibliografii a rejstřík
|
| 650 |
0 |
7 |
|a energetický systém člověka
|7 ph137672
|2 czenas
|
| 650 |
0 |
7 |
|a alternativní terapie
|7 ph137043
|2 czenas
|
| 655 |
|
7 |
|a příručky
|7 fd133209
|2 czenas
|
| 700 |
1 |
|
|a Brabcová, Alice,
|d 1975-
|7 jn20001227481
|4 trl
|
| 765 |
0 |
|
|t Awakening the healer within
|
| 830 |
|
0 |
|a Knížky dostupné každému
|0 s
|
| 830 |
|
0 |
|a Vědma
|0 s
|
| 910 |
|
|
|a BOA001
|b Z-1103.604
|
| 990 |
|
|
|a BK
|
| 996 |
6 |
|
|b 2610161966
|c Z-1103.604
|l MZK
|r Sklad / do 24 hodin
|n 3
|p p.v.
|w 000603153
|u 000010
|a 1
|e BOA001
|j MZK50
|s P
|